00626nam a2200193Ia 4500952013300000999001700133003000400150005001700154008004100171020001800212040000900230082001500239100003000254245004500284260004400329300000900373650001400382942003600396 00102ddc40708PRODUCTIONaMESbMEScECO d2019-02-20g650.00l0o338 KHA/Bp34542r2019-02-20 00:00:00w2019-02-20yBKzGL7R2 c11064d11064OSt20191231105838.0190216s9999||||xx |||||||||||||| ||und|| a9788184350852 coclc a338bKHA/B aKhatarkar, Yashwant 9939 0aBusiness Economics /cYashwant Khatarkar bAdhyayan Publishers,c2007.aNew Delhi: a232p aEconomics cBK2ddch338iKHA/Bk338mKHA/B